000
00395nam a2200133Ia 4500
008
151001s9999||||xx |||||||||||||| ||und||
100
_a
बा भ बोरकर
245
_a
मावळता चंद्र
250
_a
3
260
_b
बांदोडकर पब्लिशिंग कंपनी मुंबई
260
_c
1986
300
_a
140
365
_b
18
999
_c
965229
_d
965226